|
|
|
|
| LEADER |
00000cas a2200000 a 4500 |
| 001 |
vtls008183987 |
| 003 |
SK-MaSNL |
| 005 |
20260228163520.0 |
| 008 |
050713c19999999xo fr p 0 0slo |
| 022 |
|
|
|a 1339-1232
|
| 040 |
|
|
|a SNK
|b slo
|c SNK
|
| 041 |
|
|
|a slo
|
| 043 |
|
|
|a e-xo---
|
| 044 |
|
|
|a xo
|c SK
|
| 072 |
|
7 |
|a 352/354
|x Stupne miestnej, oblastnej a ústrednej správy
|2 konspekt
|
| 072 |
|
7 |
|a 394
|x Verejný a spoločenský život. Každodenný život
|2 konspekt
|
| 072 |
|
7 |
|a 316.7
|x Sociológia kultúry. Kultúrny život
|2 konspekt
|
| 080 |
|
|
|a 352
|2 2011
|
| 080 |
|
|
|a 394
|2 2011
|
| 080 |
|
|
|a 316.728
|2 2011
|
| 080 |
|
|
|a 050
|2 2011
|
| 080 |
|
|
|a (051)+(054)
|2 2011
|
| 080 |
|
|
|a (437.6)
|2 2011
|
| 210 |
0 |
|
|a Obecné nov. obce Opatovce
|
| 222 |
|
0 |
|a Obecné noviny obce Opatovce
|
| 245 |
0 |
0 |
|a Obecné noviny obce Opatovce
|
| 260 |
|
|
|a Opatovce
|b Obecný úrad Opatovce
|c 1999-
|
| 300 |
|
|
|a zv.
|c 30 cm
|
| 310 |
|
|
|a 2x ročne
|
| 362 |
|
|
|a Č.1 (1999)-
|
| 500 |
|
|
|a Reg. číslo: A 99/06710-PT1
|
| 500 |
|
|
|a Zostavila 2/2006-, Janka Horňáková
|
| 500 |
|
|
|a Evidenčné číslo MK SR: 1475/08
|
| 500 |
|
|
|a Podnázov v tiráži: obecné noviny Opatovce
|
| 650 |
0 |
7 |
|a miestna správa
|2 SNKPH
|9 29496
|
| 650 |
0 |
7 |
|a spoločenský život
|2 SNKPH
|9 28654
|
| 651 |
|
7 |
|a Opatovce (Trenčín, Slovensko)
|2 SNKPHgeo
|9 87487
|
| 655 |
|
7 |
|a miestne periodiká
|2 SNKPH
|9 160938
|
| 700 |
1 |
|
|a Horňáková, Janka
|4 com
|9 274176
|
| 710 |
1 |
|
|a Opatovce (Trenčín, Slovensko).
|b Obecný úrad
|4 pbl
|9 191884
|
| 856 |
4 |
1 |
|u http://www.opatovce.sk/obecny-urad/obecne-noviny/
|
| 910 |
|
|
|a snk
|
| 999 |
|
|
|c 9710
|d 11640
|
| 952 |
|
|
|0 0
|1 0
|3 Spoločne zviazané r. 1999-2000
|4 0
|7 0
|8 0
|a SNK
|b SNK
|d 2019-11-06
|i snk2019/28375
|l 0
|o snkČSB 7343/1999
|p 17A1384178
|r 2026-02-21 22:07:42
|t č. 1
|w 2026-02-21
|y PREZ
|z Spoločne zviazané r. 1999-2000
|
| 952 |
|
|
|0 0
|1 0
|3 Spoločne zviazané r. 1999-2000
|4 0
|7 0
|8 0
|a SNK
|b SNK
|d 2019-11-06
|i snk2019/28375
|l 0
|o snkČSB 7343/2/2000
|p 17A1384179
|r 2026-02-21 22:07:51
|t č. 1
|w 2026-02-21
|y PREZ
|z Spoločne zviazané r. 1999-2000
|
| 952 |
|
|
|0 0
|1 0
|3 Spoločne zviazané r. 2003-2006
|4 0
|7 0
|8 0
|a SNK
|b SNK
|d 2019-11-06
|i snk2019/28375
|l 0
|o snkČSB 7343/3/2003
|p 17A1384180
|r 2026-02-21 22:07:51
|t č. 1
|w 2026-02-21
|y PREZ
|z Spoločne zviazané r. 2003-2006
|
| 952 |
|
|
|0 0
|1 0
|3 Spoločne zviazané r. 2003-2006
|4 0
|7 0
|8 0
|a SNK
|b SNK
|d 2019-11-06
|i snk2019/28375
|l 0
|o snkČSB 7343/4/2004
|p 17A1384181
|r 2026-02-21 22:07:51
|t č. 1-2
|w 2026-02-21
|y PREZ
|z Spoločne zviazané r. 2003-2006
|
| 952 |
|
|
|0 0
|1 0
|3 Spoločne zviazané r. 2003-2006
|4 0
|7 0
|8 0
|a SNK
|b SNK
|d 2019-11-06
|i snk2019/28375
|l 0
|o snkČSB 7343/5/2005
|p 17A1384182
|r 2026-02-21 22:07:51
|t č. 1-2
|w 2026-02-21
|y PREZ
|z Spoločne zviazané r. 2003-2006
|
| 952 |
|
|
|0 0
|1 0
|3 Spoločne zviazané r. 2003-2006
|4 0
|7 0
|8 0
|a SNK
|b SNK
|d 2019-11-06
|i snk2019/28375
|l 0
|o snkČSB 7343/6/2006
|p 17A1384183
|r 2026-02-21 22:07:51
|t č. 1-2
|w 2026-02-21
|y PREZ
|z Spoločne zviazané r. 2003-2006
|
| 952 |
|
|
|0 0
|1 0
|3 Spoločne zviazané r. 2007-2010
|4 0
|7 0
|8 0
|a SNK
|b SNK
|d 2019-11-06
|i snk2019/28387
|l 0
|o snkČSB 7343/7/2007
|p 17A1384184
|r 2026-02-21 22:07:51
|t č. 1-2
|w 2026-02-21
|y PREZ
|z Spoločne zviazané r. 2007-2010
|
| 952 |
|
|
|0 0
|1 0
|3 Spoločne zviazané r. 2007-2010
|4 0
|7 0
|8 0
|a SNK
|b SNK
|d 2019-11-06
|i snk2019/28387
|l 0
|o snkČSB 7343/8/2008
|p 17A1384185
|r 2026-02-21 22:07:51
|t č. 1-2
|w 2026-02-21
|y PREZ
|z Spoločne zviazané r. 2007-2010
|
| 952 |
|
|
|0 0
|1 0
|3 Spoločne zviazané r. 2007-2010
|4 0
|7 0
|8 0
|a SNK
|b SNK
|d 2019-11-06
|i snk2019/28387
|l 0
|o snkČSB 7343/9/2009
|p 17A1384186
|r 2026-02-21 22:07:51
|t č. 1-2
|w 2026-02-21
|y PREZ
|z Spoločne zviazané r. 2007-2010
|
| 952 |
|
|
|0 0
|1 0
|3 Spoločne zviazané r. 2007-2010
|4 0
|7 0
|8 0
|a SNK
|b SNK
|d 2019-11-06
|i snk2019/28387
|l 0
|o snkČSB 7343/10/2010
|p 17A1384187
|r 2026-02-21 22:07:51
|t č. 1-2
|w 2026-02-21
|y PREZ
|z Spoločne zviazané r. 2007-2010
|
| 952 |
|
|
|0 0
|1 0
|3 Spoločne zviazané r. 2011-2012
|4 0
|7 0
|8 0
|a SNK
|b SNK
|d 2019-11-06
|i snk2019/28387
|l 0
|o snkČSB 7343/11/2011
|p 17A1384188
|r 2026-02-21 22:08:00
|t č. 1-2
|w 2026-02-21
|y PREZ
|z Spoločne zviazané r. 2011-2012
|
| 952 |
|
|
|0 0
|1 0
|3 Spoločne zviazané r. 2011-2012
|4 0
|7 0
|8 0
|a SNK
|b SNK
|d 2019-11-06
|i snk2019/28387
|l 0
|o snkČSB 7343/12/2012
|p 17A1384189
|r 2026-02-21 22:08:00
|t č. 1-2
|w 2026-02-21
|y PREZ
|z Príl.: Z Opatoviec do Boršíc, od Váhu k Morave. ; Spoločne zviazané r. 2011-2012
|
| 952 |
|
|
|0 0
|1 0
|3 Spoločne zviazané r. 2013-2018
|4 0
|7 0
|8 0
|a SNK
|b SNK
|d 2019-11-06
|i snk2019/28404
|l 0
|o snkČSB 7343/13/2013
|p 17A1384190
|r 2026-02-21 22:08:00
|t č. 1-2
|w 2026-02-21
|y PREZ
|z Spoločne zviazané r. 2013-2018
|
| 952 |
|
|
|0 0
|1 0
|3 Spoločne zviazané r. 2013-2018
|4 0
|7 0
|8 0
|a SNK
|b SNK
|d 2019-11-06
|i snk2019/28404
|l 0
|o snkČSB 7343/14/2014
|p 17A1384191
|r 2026-02-21 22:08:00
|t č. 1-2
|w 2026-02-21
|y PREZ
|z Spoločne zviazané r. 2013-2018
|
| 952 |
|
|
|0 0
|1 0
|3 Spoločne zviazané r. 2013-2018
|4 0
|7 0
|8 0
|a SNK
|b SNK
|d 2019-11-06
|i snk2019/28404
|l 0
|o snkČSB 7343/15/2015
|p 17A1384192
|r 2026-02-21 22:08:06
|t č. 1-2
|w 2026-02-21
|y PREZ
|z Spoločne zviazané r. 2013-2018
|
| 952 |
|
|
|0 0
|1 0
|3 Spoločne zviazané r. 2013-2018
|4 0
|7 0
|8 0
|a SNK
|b SNK
|d 2019-11-06
|i snk2019/28404
|l 0
|o snkČSB 7343/16/2016
|p 17A1384193
|r 2026-02-21 22:08:06
|t č. 1-2
|w 2026-02-21
|y PREZ
|z Spoločne zviazané r. 2013-2018
|
| 952 |
|
|
|0 0
|1 0
|3 Spoločne zviazané r. 2013-2018
|4 0
|7 0
|8 0
|a SNK
|b SNK
|d 2019-11-06
|i snk2019/28404
|l 0
|o snkČSB 7343/17/2017
|p 17A1384194
|r 2026-02-21 22:08:06
|t č. 1-2
|w 2026-02-21
|y PREZ
|z Spoločne zviazané r. 2013-2018
|
| 952 |
|
|
|0 0
|1 0
|3 Spoločne zviazané r. 2013-2018
|4 0
|7 0
|8 0
|a SNK
|b SNK
|d 2019-11-06
|i snk2019/28404
|l 0
|o snkČSB 7343/18/2018
|p 17A1384195
|r 2026-02-21 22:08:06
|t č. 1-2
|w 2026-02-21
|y PREZ
|z Spoločne zviazané r. 2013-2018
|